[Event "Berlin Lichtenberger op 16th"]
[Site "Berlin"]
[Date "2017.08.23"]
[Round "5"]
[White "Bender, Leon"]
[Black "Schauties, Nico Antonio"]
[Result "1-0"]
[WhiteElo "2016"]
[BlackElo "1690"]
[PlyCount "53"]
[EventDate "2017.08.19"]
[EventType "swiss"]
[EventRounds "9"]
[EventCountry "GER"]
[SourceTitle "CBM 180 Extra"]
[Source "ChessBase"]
[SourceDate "2017.10.06"]
[SourceVersion "1"]
[SourceVersionDate "2017.10.06"]
[SourceQuality "1"]

1. c4 c5 2. Nc3 Nc6 3. g3 g6 4. Bg2 Bg7 5. e3 d6 6. Nge2 Nf6 7. 0-0 0-0 8. d4 Nd7 9. f4 e5 10. fxe5 cxd4 11. exd4 dxe5 12. d5 Ne7 13. Be3 f5 14. d6 Nc6 15. Nd5 Nf6 16. Nc7 Rb8 17. c5 Ne8 18. Qb3+ Kh8 19. Bxc6 Nxc7 20. dxc7 Qxc7 21. Bd5 Bd7 22. Rad1 Rfd8 23. Qc4 a6 24. a4 Rdc8 25. Nc3 b5 26. cxb6 Qd8 27. Qxa6 1-0

[Event "Berlin Lichtenberger op 16th"]
[Site "Berlin"]
[Date "2017.08.21"]
[Round "3"]
[White "Bender, Leon"]
[Black "Kluehs, Gustaf"]
[Result "1/2-1/2"]
[WhiteElo "2016"]
[BlackElo "1680"]
[PlyCount "98"]
[EventDate "2017.08.19"]
[EventType "swiss"]
[EventRounds "9"]
[EventCountry "GER"]
[SourceTitle "CBM 180 Extra"]
[Source "ChessBase"]
[SourceDate "2017.10.06"]
[SourceVersion "1"]
[SourceVersionDate "2017.10.06"]
[SourceQuality "1"]

1. Nf3 Nf6 2. c4 g6 3. Nc3 Bg7 4. e4 d6 5. d4 0-0 6. Be2 Nbd7 7. 0-0 c6 8. Be3 e5 9. Rc1 Qe7 10. d5 c5 11. Ne1 Ne8 12. Nd3 f5 13. f3 f4 14. Bf2 g5 15. b4 b6 16. a4 Rf6 17. a5 Rh6 18. Re1 Qf7 19. h3 Qh5 20. Kh2 Ndf6 21. Rh1 cxb4 22. Nxb4 g4 23. fxg4 Nxg4+ 24. Kg1 Nxf2 25. Bxh5 Nxd1 26. Bxd1 Bd7 27. Ba4 bxa5 28. Nc6 Bxc6 29. Bxc6 Rb8 30. Bxe8 Rxe8 31. Kf2 Bf6 32. Rc2 Bh4+ 33. Kf3 Rg6 34. Ne2 Rb8 35. Rhc1 a4 36. Rc3 a5 37. c5 dxc5 38. Rxc5 Rb3+ 39. R5c3 Rgb6 40. Kg4 Be7 41. Rc7 Rg6+ 42. Kf5 Bd6 43. Rd7 Rb8 44. Rxd6 Rxd6 45. Kxe5 Rdb6 46. Nxf4 Rb1 47. Rc3 R1b3 48. Rc5 R3b5 49. Rc3 Rb3 1/2-1/2